Biblioteca

Teología de la migración (Registro nro. 63570)

Detalles MARC
000 -LÍDER
Campo fijo de descripción fija 01613aab a2200277 i 4500
001 - NÚMERO DE CONTROL
Campo de control 768714001
003 - IDENTIFICADOR DEL NÚMERO DE CONTROL
Campo de control CO-MdFUSB
005 - FECHA Y HORA DE LA ULTIMA TRANSACCIÓN
control field 20230605162118.0
008 - ELEMENTOS DE LONGITUD FIJA -- INFORMACIÓN GENERAL
Campo fijo de descripción fija -- Información general 171122s2013 ck ||||| |||| 00| 0 spa d
022 ## - NÚMERO INTERNACIONAL NORMALIZADO PARA PUBLICACIONES SERIADAS
Número Internacional Normalizado para Publicaciones Seriadas 0120-3649
040 ## - FUENTE DE CATALOGACIÓN
Agencia Catalogadora CO-MdFUSB
Idioma de catalogación spa
Agencia que realiza la transcripción CO-MdFUSB
Agencia que realiza la modificación CO-MdFUSB
041 ## - CÓDIGO DE IDIOMA
Código de idioma para texto/pista de sonido o título separado spa
100 1# - ASIENTO PRINCIPAL--NOMBRE PERSONAL
Nombre personal Castillo, Jorge
Término relacionador autor
245 10 - TÍTULO
Título Teología de la migración
Subtitulo : movilidad humana y transformaciones teológicas
Mención de responsabilidad / Jorge Castillo Guerra
300 ## - DESCRIPCIÓN FÍSICA
Extensión Volumen 63. Número 176 (2013), páginas 367-401
Dimensiones : 24 cm.
520 1# - NOTA DE RESUMEN, ETC.
Nota de sumario, etc. El presente artículo analiza el significado de las transformaciones en la identidad y fe de los migrantes preguntándose sobre el alcance que tiene la movilidad humana para la teología y qué cambios acontecen en la teología cuando aprehende tal fenómeno. La investigación responde a estas demandas a partir de un análisis del acercamiento intercultural y transacional a la movilidad humana y de los procesos de transformación religiosa e identitaria. Así mismo, analiza cómo ambas transformaciones dan lugar a una transformación intercultural de la teología que se recoge bajo el nombre “teología de la migración”.
653 ## - TÉRMINO DE INDIZACIÓN - NO CONTROLADO
Término no controlado Migración
653 ## - TÉRMINO DE INDIZACIÓN - NO CONTROLADO
Término no controlado Transformación
653 ## - TÉRMINO DE INDIZACIÓN - NO CONTROLADO
Término no controlado Identitaria
653 ## - TÉRMINO DE INDIZACIÓN - NO CONTROLADO
Término no controlado Teología de la migración
653 ## - TÉRMINO DE INDIZACIÓN - NO CONTROLADO
Término no controlado Intelectualidad
653 ## - TÉRMINO DE INDIZACIÓN - NO CONTROLADO
Término no controlado Hermenéutica
773 0# - ASIENTO DE ITEM FUENTE
Título Theologica Xaveriana
Biblionumber 49424
Itemnumber 59865
Parte(s) relacionada(s) / Volumen., número. (mes año), páginas Volumen 63. Número 176 (2013), páginas 367-401
Enumeración y primera página Página 367
773 0# - ASIENTO DE ITEM FUENTE
Título Theologica Xaveriana
Biblionumber 49424
Itemnumber 81967
Parte(s) relacionada(s) / Volumen., número. (mes año), páginas Volumen 63. Número 176 (2013), páginas 367-401
Enumeración y primera página Página 367
Otro identificador del ítem R14380
942 ## - TIPO DE MATERIAL (KOHA)
Tipo de Item KOHA Artículos de Revista

No hay ítems disponibles.

Biblioteca FUSBC | Teléfono: (57+4) 349 88 10 Ext. 141| WhatsApp (+57) 3005338115 
E-mail: biblioteca@unisbc.edu.co | Calle 76 87-14 Robledo Palenque, Medellín, Colombia

Con tecnología Koha